Phương trình vi phân ngẫu nhiên áp dụng trong tài chính một số mô hình trong phân tích rủi ro tài chính: Luận văn Thạc sĩ khoa học Toán học. Chuyên ngành: Lý thuyết xác suất và thống kê toán học

Trình bày một số kiến thức về phương trình vi phân; sử dụng các công cụ của tính toán ngẫu nhiên phương trình vi phân ngẫu nhiên để hình thành các khái niệm trong thị trường tài chính và rủi ro tài chính...

Fuld beskrivelse

Đã lưu trong:
Bibliografiske detaljer
Hovedforfatter: Nguyễn, Lý Kiều Chinh
Format: Bog
Sprog:Undetermined
Udgivet: Cần Thơ Trường Đại học Cần Thơ 2010
Fag:
Tags: Tilføj Tag
Ingen Tags, Vær først til at tagge denne postø!
Thư viện lưu trữ: Trung tâm Học liệu Trường Đại học Cần Thơ
LEADER 01328nam a2200217Ia 4500
001 CTU_161755
008 210402s9999 xx 000 0 und d
082 |a 519.22 
082 |b Ch312 
088 |a 604615 
100 |a Nguyễn, Lý Kiều Chinh 
245 0 |a Phương trình vi phân ngẫu nhiên áp dụng trong tài chính một số mô hình trong phân tích rủi ro tài chính: 
245 0 |b Luận văn Thạc sĩ khoa học Toán học. Chuyên ngành: Lý thuyết xác suất và thống kê toán học 
245 0 |c Nguyễn Lý Kiều Chinh; Lê Sĩ Đồng (Hướng dẫn khoa học) 
260 |a Cần Thơ 
260 |b Trường Đại học Cần Thơ 
260 |c 2010 
520 |a Trình bày một số kiến thức về phương trình vi phân; sử dụng các công cụ của tính toán ngẫu nhiên phương trình vi phân ngẫu nhiên để hình thành các khái niệm trong thị trường tài chính và rủi ro tài chính 
650 |a Stochastic differential equations,Mathematical analysis,Phương trình vi phân ngẫu nhiên,Phân tích toán học 
904 |i Trinh, mtbhai80 
980 |a Trung tâm Học liệu Trường Đại học Cần Thơ